#1 Singles of the 2020's (UK Chart Version) - Statistics

General Stats
  • This quiz has been taken 126 times
    86 since last reset
  • The average score is 19 of 31
Answer Stats
Year Song Artist % Correct
2020 All I Want For Christmas Is You Mariah Carey
99%
2020 Blinding Lights The Weeknd
94%
2021 Last Christmas WHAM
91%
2021 Bad Habits Ed Sheeran
87%
2021 Shivers Ed Sheeran
87%
2021 Merry Christmas Ed Sheeran & Elton John
87%
2020 Rain on Me Lady Gaga and Ariana Grande
87%
2020 Own It Stormzy, Ed Sheeran and Burna Boy
87%
2021 Drivers License Olivia Rodrigo
85%
2021 Good 4 U Olivia Rodrigo
85%
2020 Positions Ariana Grande
79%
2021 Easy On Me Adele
76%
2020 WAP Cardi B feat. Megan Thee Stallion
76%
2020 No Time To Die Billie Eilish
74%
2021 Montero (Call Me By Your Name) Lil Nas X
74%
2021 Cold Heart Elton John & Dua Lipa
71%
2020 Toosie Slide Drake
57%
2020 Before You Go Lewis Capaldi
57%
2020 Godzilla Eminem feat. Juice WRLD
53%
2020 Don't Stop Me Eatin' LadBaby
51%
2020 Head & Heart Joel Corry feat. MNEK
50%
2020 Savage Love Jawsh 685 and Jason Derulo
49%
2021 Sweet Melody Little Mix
49%
2020 Mood 24kGoldn feat. Iann Dior
43%
2020 Rockstar DaBaby feat. Roddy Ricch
40%
2020 You'll Never Walk Alone Michael Ball and Captain Tom Moore
26%
2020 Roses SAINt JHN
26%
2020 Lemonade Internet Money feat. Gunna, Don Toliver and Nav
24%
2020 Times Like These Live Lounge Allstars
24%
2021 Wellerman Nathan Evans, 220 KID, Billen Ted
13%
2021 Body Tion Wayne & Russ Millions
13%
No matching quizzes found
Score Distribution
Percent of People with Each Score
Percentile by Number Answered
Your Score History
You have not taken this quiz since the last reset